000 00664nam a2200277Ia 4500
005 20260324135045.0
008 008 260324s9999 xx 000 0 eng d
020 _a9780429153242
037 _aEBOOK
040 _aCRL
040 _beng
040 _cCRL
041 _2eng
041 _aeng
084 _qCRL
100 _aG. David Garson
_91199170
245 0 _aGuide to Writing Empirical Papers, Theses, and Dissertations
260 _bTaylor and Francis
260 _c2001
365 _a
365 _b290
856 _uhttp://www.taylorfrancis.com/books/9780429153242
942 _cEBOOK
999 _c1799867
_d1799867